Szczegóły MARC21

Routinen und Rituale in der Alltagskommunikation /

005 -DATA I CZAS OSTATNIEJ MODYFIKACJI [,]
    • @
    • pole kontrolne
    • 20090227143217.0
020 -Międzynarod. znormalizowany nr książki - ISBN [ , ]
    • a
    • Numer ISBN
    • 3468496745 Find
040 -Instytucja sporządzająca opis [ , ]
    • a
    • Instytucja, która sporządziła opis (NP)
    • SZCZ U/IJ
    • c
    • Instytucja, która sporządziła rekord (NP)
    • SZCZ U/IJ
    • d
    • Instytucja, która zmodyfikowała rekord (P)
    • SZCZ U/BB
041 -Język dokumentu [0, ]
    • a
    • Język tekstu (P)
    • niemiecki
044 -Kraj miejsca wydania [ , ]
    • a
    • Kraj miejsca wydania
    • Niemcy
942 -Rodzaj dokumentu [ , ]
    • c
    • Rodzaj dokumentu
    • Książka
100 -Hasło główne - nazwa osobowa [1, ]
    • a
    • Nazwa osobowa (NP)
    • Lüger, Heinz-Helmut
    • d
    • Daty biograficzne (NP)
    • (1946- ).
    • 9
    • KHW
    • 452676
245 -Strefa tytułu i oznaczenia odpowiedzialności [1,0]
    • a
    • Tytuł
    • Routinen und Rituale in der Alltagskommunikation / Find
    • c
    • Pozostałe elementy strefy tytułu i oznaczenia odpowiedzialności (NP)
    • Heinz-Helmut Lüger.
250 -Strefa wydania [ , ]
    • a
    • Oznaczenie wydania (NP)
    • [8 Druck].
260 -Strefa adresu wydawniczego [ , ]
    • a
    • Miejsce wydania (P)
    • Berlin :
    • b
    • Nazwa wydawcy (P)
    • Langenscheidt,
    • c
    • Data wydania (P)
    • 2006.
300 -Strefa opisu fizycznego [ , ]
    • a
    • Określenie formy książki i/lub objętość (NP)
    • 112 s. :
    • b
    • Oznaczenie ilustracji (NP)
    • il. ;
    • c
    • Format (NP)
    • 30 cm.
490 -Strefa serii i książki wielotomowej - forma nie do wyszukiwania [1, ]
    • a
    • Tytuł (P)
    • Fernstudieneinheit ; Find
    • v
    • Numeracja (P)
    • 6
830 -Hasło dodatkowe serii i opisu książki wielotomowej - tytuł ujednolicony/tytuł [ ,0]
    • a
    • Tytuł ujednolicony/tytuł (NP)
    • Fernstudienprojekt zur Fort- und Weiterbildung im Bereich Germanistik und Deutsch als Fremdsprache
    • v
    • Oznaczenie tomu (NP)
    • 6
    • 9
    • KHW
    • 415902
500 -Uwaga ogólna [ , ]
    • a
    • Uwaga ogólna (NP)
    • Na okł.: Fernstudienangebot - Germanistik - Deutsch als Fremdsprache.
504 -Uwaga dot. bibliogr. załącznikowej [ , ]
    • a
    • Uwaga dot. bibliografii załącznikowej
    • Bibliogr.
080 -Uniwersalna Klasyfikacja Dziesiętna [ , ]
    • 2
    • Identyfikator wydania tablic
    • UDC-P058
    • a
    • Symbol klasyfikacji
    • 37.016:811.112.2
    • b
    • Dopowiedzenie
    • Nauczanie języka niemieckiego.
    • x
    • Poddział wspólny
    • =112.2
    • b
    • Dopowiedzenie
    • =Język niemiecki (wysokoniemiecki, standardowy niemiecki).
080 -Uniwersalna Klasyfikacja Dziesiętna [ , ]
    • 2
    • Identyfikator wydania tablic
    • UDC-P058
    • a
    • Symbol klasyfikacji
    • 811.112.2
    • b
    • Dopowiedzenie
    • Język niemiecki.
    • x
    • Poddział wspólny
    • (07)
    • b
    • Dopowiedzenie
    • (Wydawnictwa dydaktyczne. Podręczniki).
    • x
    • Poddział wspólny
    • =112.2
    • b
    • Dopowiedzenie
    • =Język niemiecki (wysokoniemiecki, standardowy niemiecki).
980 -Symbol UKD [ , ]
    • a
    • UKD
    • 37.016:811.112.2:811.112.2(07)]=112.2
920 -ISBN [ , ]
    • a
    • ISBN
    • 3-468-49674-5 Find
Lokalizacja Data inwentaryzacji Numer inwentarzowy Sygnatura Status udost.
BM2008-11-14G.18602GERM. Nauka języka niem. 071